=LDR 00000nam 2200000 4500 =001 INLIS000000000043833 =005 20131008103843 =008 ***********************************ind** =035 ##$$0010-101300000001755 =041 ##$$a ind =082 ##$$a 2X4.003 =090 ##$$a R ; 2X4.003, Hil e =100 ##$$a Al Hilali, Syaikh Salim Bin Ied =245 ##$$a Ensiklopedi larangan menurut Al Qur'an dan As-Sunnah, Syaikh Salim Bin Ied Al Hilali; penerjemah, Abu Ihsan Al Atsari =260 ##$$a 2006 $b Jakarta =300 ##$$a ...Jild., 30 cm =650 ##$$a Hukum Islam-Ensiklopedi =700 ##$$a Al Atsari, Abu Ihsan =850 ##$$a NBPNMAT